| 000 | 00366nam a2200157Ia 4500 | ||
|---|---|---|---|
| 008 | 221030s9999 xx 000 0 und d | ||
| 020 | _a8126507764 | ||
| 041 | _aEnglish | ||
| 082 | _a105.23 | ||
| 100 | _aD. T. Larose | ||
| 245 | 0 | _aData Mining Methods & Models | |
| 260 |
_bWilley Pub. _aNew Delhi _c2007 |
||
| 300 | _a322 | ||
| 650 | _aBE Computer | ||
| 942 | _cBK | ||
| 999 |
_c5760 _d5760 |
||